Psicologia dei sessi /

Gespeichert in:
Bibliographische Detailangaben
1. Verfasser: Viazzi, Pio (Verfasst von)
Format: Buch
Sprache:Italienisch
Veröffentlicht: Torino : F.lli Bocca, 1904
Schriftenreihe:Piccola biblioteca di scienze moderne ; 80
Schlagworte:
Tags: Tag hinzufügen
Keine Tags, Fügen Sie das erste Tag hinzu!

MARC

LEADER 00000nam a22000007i 4500
001 IT\ICCU\CUB\0662809
003 ItRI
005 20250724151436.0
008 980226s1904 it |||||| ||||| |||||c
015 |2 IT  |a 1903 3936 
024 7 0 |a 617543  |2 cubi 
040 |b ita  |c ct 
041 7 |a ita  |2 ISO-639-2 
100 1 |a Viazzi, Pio  |0 IT\ICCU\RAVV\041495  |4 aut 
245 1 0 |a Psicologia dei sessi /  |c Pio Viazzi. 
260 |a Torino :  |b F.lli Bocca,  |c 1904 
300 |a VIII, 307 p. ;  |c 20 cm 
650 7 |a SESSO  |x Aspetti psicologici  |2 scbi 
830 0 |a Piccola biblioteca di scienze moderne ;  |v 80  |0 IT\ICCU\RAV\0015177 
942 |2 ddc  |c BK 
952 |0 0  |1 0  |2 ddc  |4 0  |7 0  |9 7344  |a MI  |b MI  |d 1988-03-17  |i 913  |l 0  |p CDOM913  |r 2025-07-13 16:28:37  |w 2025-07-13  |x ACQUISTO  |y BK 
981 1 |6 z01  |a i   |b xxxe  
982 1 |6 z01  |a n 
999 |c 6045  |d 6045